| 000 | 01367 a2200337 4500 | ||
|---|---|---|---|
| 003 | OSt | ||
| 005 | 20180116192356.0 | ||
| 008 | 120606t xxu||||| |||| 00| 0 eng d | ||
| 010 | _a 2001021130 | ||
| 020 | _a0691070636 (PB) | ||
| 040 | _c0 | ||
| 082 | 0 | 0 | _a332.042 |
| 100 | 1 |
_aSassen, Saskia. _94205 |
|
| 245 | 1 | 4 |
_aThe global city : _bNew York, London, Tokyo / _cSaskia Sassen. |
| 250 | _a2nd ed. | ||
| 260 |
_aPrinceton, N.J. : _bPrinceton University Press, _cc2001. |
||
| 300 |
_axxvi, 447 p. ; _c24 cm. |
||
| 500 | _aReissue of the edition published in 1991. | ||
| 650 | 0 |
_aFinancial services industry _zNew York (State) _zNew York. _94206 |
|
| 650 | 0 |
_aFinancial services industry _zJapan _zTokyo. _94207 |
|
| 650 | 0 |
_aFinancial services industry _zEngland _zLondon. _94208 |
|
| 650 | 0 |
_aInternational finance. _94209 |
|
| 650 | 0 |
_aInternational economic relations. _94210 |
|
| 651 | 0 |
_aNew York (N.Y.) _xEconomic conditions. _94211 |
|
| 651 | 0 |
_aTokyo (Japan) _xEconomic conditions. _94212 |
|
| 651 | 0 |
_aLondon (England) _xEconomic conditions. _94213 |
|
| 856 | 4 | 1 |
_3Table of contents _uhttp://www.loc.gov/catdir/toc/prin031/2001021130.html |
| 856 | 4 | 1 |
_3Publisher description _uhttp://www.loc.gov/catdir/description/prin022/2001021130.html |
| 942 |
_aSADA _cBK _k332.042 SAS 2001 _2ddc |
||
| 999 |
_c353117 _d353117 |
||